000 00375nam a2200145Ia 4500
008 090122s9999 xx 000 0 und d
082 _b8459
_a891.4684
100 _aदवणे
_bप्रविण
245 _aसावर रे
600 _aदवणे
630 _aसावर रे
700 _aदवणे
730 _aसावर रे
942 _cBOOK
999 _c32536
_d32536